000 00978nam a2200277Ia 4500
001 Para_2849
003 CHAP
008 220125s1988 xx 000 0 und d
010 _a201364
040 _cCHAP
090 _aPA TESIS 474
100 _aAyala González, Francisco
_98942
245 _aResistencia varietal al carbón de la caña de azúcar (Ustilago scitaminea, Sydow) en México /
_c Francisco Ayala González
260 _aChapingo, Méx. :
_b El autor
300 _a22 h.
502 _aTesis (Ing. Agr. Esp. en Parasitología Agrícola) -- UACh. Departamento de Parasitología Agrícola
650 _aCaña de azúcar
_x Variedades resistentes a enfermedades Ustilago scitamínea
_9166271
710 _aUACh. Departamento de Parasitología Agrícola
_9115877
901 _aPA TESIS 474
902 _aA
905 _a0000001988 CHA 0000000000 00
910 _a1988
942 _cPARA
942 _cPARA
_d1
999 _c201364
_d201364